| 000 | 00697cab a2200229 4500 | ||
|---|---|---|---|
| 001 | WB2811-13 | ||
| 008 | 090401t1992 xxu||||| |||| 00| 0 eng d | ||
| 035 | _a(Sirsi) u55651 | ||
| 041 | _aeng | ||
| 245 | _aHelp for coal-mining areas | ||
| 260 | _c1992 | ||
| 350 | _a0 | ||
| 490 |
_aDTI Press Notice _v(190) 6 March 1992 (2) |
||
| 520 | _a£14m will be allocated to areas in England, which have suffered job losses in the coal mining industry, as part of the RECHAR initiative. | ||
| 650 | _aCOAL MINING AREAS | ||
| 650 | _aEUROPEAN REGIONAL DEVELOPMENT FUND | ||
| 650 | _aRECHAR | ||
| 650 | _aSMALL BUSINESSES | ||
| 690 | _aECONOMIC AND SOCIAL | ||
| 942 | _n0 | ||
| 948 | _c04/03/1997 | ||
| 999 |
_c34016 _d34016 |
||